banner-ar

الادارة المحلية فى مصر : (Record no. 59925)

MARC details
000 -الفاتح
حقل البيانات ثابتة الطول 01219nam a22002417a 4500
005 - وقت وتاريخ اخر تعامل مع التسجيلة
رقم الضبط 20240530110343.0
008 - عناصر البيانات ثابتة الطول - معلومات عامة
حقل البيانات ثابتة الطول 141110s2011 ua d gr 000 0 ara d
040 ## - مصدر الفهرسة
وكالة الفهرسة الأصلية EG-CaGPL
082 04 - رقم تصنيف ديوى العشرى
رقم الطبعة 21
رقم التصنيف 352.140962\
رقم المادة ق/خ إ
245 12 - بيان العنوان
العنوان الادارة المحلية فى مصر :
بقية العنوان الواقع وافاق المستقبل /خالد زكريا ... [ واخ ]
بيان المسئوليه,etc خالد زكريا ... [ واخ ] ؛ تقديم مصطفى كامل السيد ؛ تحرير علاءالدين عرفات
260 ## - PUBLICATION, DISTRIBUTION, ETC. (IMPRINT)
تاريخ النشر أو التوزيع 2011
300 ## - الوصف المادى
التعداد 348 ص ؛
أبعاد الوعاء 24 سم
650 04 - المدخل الاضافى بالموضوع-مصطلح موضوعى
مصطلح موضوعي الادارة المحلية
التقسيم الفرعي الجغرافي مصر
650 04 - المدخل الاضافى بالموضوع-مصطلح موضوعى
مصطلح موضوعي الادارة العامة
700 0# - المدخل الاضافى - اسم شخصى
الإسم الشخصى سامى الطوخى
الدور مؤلف مشارك
700 0# - المدخل الاضافى - اسم شخصى
الإسم الشخصى السيد غانم
الدور مؤلف مشارك
700 0# - المدخل الاضافى - اسم شخصى
الإسم الشخصى صالح عبدالرحمن احمد
الدور مؤلف مشارك
700 0# - المدخل الاضافى - اسم شخصى
الإسم الشخصى مصطفى كامل السيد
الدور مقدم
700 0# - المدخل الاضافى - اسم شخصى
الإسم الشخصى علاءالدين عرفات
الدور محرر
700 0# - المدخل الاضافى - اسم شخصى
الإسم الشخصى خالد زكريا
الدور مؤلف مشارك
942 ## - عناصر المدخل الإضافي( كوها)
مصدر التصنيف او مخطط الترفيف Dewey Decimal Classification
Koha [default] item type كتاب
260 ## - PUBLICATION, DISTRIBUTION, ETC. (IMPRINT)
-- القاهرة :
-- شركاء التنمية للبحوث والاستشارات والتدريب ،
Holdings
حالة التراجع حالة الفقد حالة تلف ليس للاعارة المكان المؤقت الموقع الحالى تاريخ الاكتساب اجمالي اﻻعارات رقم الطلب الباركود تاريخ اخر مشاهدة تاريخ تفعيل السعر نوع وعاء كوها
        مكتبة القاهرة الكبرى مكتبة القاهرة الكبرى 11/24/2014   352.140962\ ق/خ إ 158888 11/24/2014 11/24/2014 كتاب

Powered By

EGPV